| 000 | 00962nam a2200265Ia 4500 | ||
|---|---|---|---|
| 003 | OSt | ||
| 005 | 20221005110222.0 | ||
| 006 | a|||||r|||| 00| 0 | ||
| 007 | ta | ||
| 008 | 221004b |||||||| |||| 00| 0 hin d | ||
| 020 |
_a8126016930 (pbk) _cIndian Rupees 25.00 |
||
| 024 | _a28566 | ||
| 037 |
_bGift, 15/02/2017, _cTextual |
||
| 040 |
_aCRL _cCRL _bhin |
||
| 041 |
_2hin _ahin |
||
| 082 | _aO152:g, P5 | ||
| 100 | _aनारायण, कुॅंवर | ||
| 245 | 0 | _aसाहित्य के कुछ अंतर्विषयक संदर्भ | |
| 246 | _aSāhitya ke kuchh aantarviṣhayak sandarbha | ||
| 260 |
_aनई दिल्ली _bसाहित्य अकादेमी भारत _c2005 |
||
| 300 |
_a42पृ0 _ccm. |
||
| 650 | _aहिन्दी आलोचना | ||
| 942 |
_hO152:g, P5 _cTEXL _2cc |
||
| 999 |
_c1018150 _d1018150 |
||